[Event "12th American Continental"]
[Site "Medellin COL"]
[Date "2017.06.10"]
[Round "1.82"]
[White "Mateus Urbano, Alejandro"]
[Black "Castaneda, Victor"]
[Result "1-0"]
[WhiteElo "2255"]
[BlackElo "1857"]
[EventDate "2017.06.10"]
[PlyCount "57"]

1.d4 d5 2.c4 c6 3.Nf3 Nf6 4.Nc3 dxc4 5.a4 Bf5 6.e3 e6 7.Bxc4 Bb4 8.O-O O-O
9.Qe2 Nbd7 10.e4 Bg6 11.Bd3 Be7 12.b3 Qa5 13.Bb2 Rfe8 14.Rfd1 Bf8 15.Rac1 
a6 16.Nd2 b5 17.Na2 Rac8 18.Bc3 Qb6 19.a5 Qa7 20.b4 e5 21.Nb3 exd4 22.Bxd4
Qb8 23.f3 Nd5 24.Qd2 Nf4 25.Bf1 Red8 26.Qf2 Ne6 27.Be3 f6 28.Rd2 Qb7 29.
Rdc2 1-0

[Event "12th American Continental"]
[Site "Medellin COL"]
[Date "2017.06.10"]
[Round "1.83"]
[White "Gallardo Rojel, Alejandro"]
[Black "Del Castilho, Martyn"]
[Result "0-1"]
[WhiteElo "1837"]
[BlackElo "2254"]
[EventDate "2017.06.10"]
[PlyCount "49"]

1.e4 c5 2.Nf3 Nc6 3.Bb5 d6 4.Bxc6+ bxc6 5.O-O e5 6.d3 f5 7.exf5 Bxf5 8.Nc3
Nf6 9.Re1 Be7 10.Ne4 O-O 11.h3 Nd5 12.c4 Nc7 13.Be3 Ne6 14.Nh2 Bg6 15.Qd2 
d5 16.cxd5 cxd5 17.Ng3 d4 18.Bxd4 cxd4 19.Rxe5 Bd6 20.Ree1 Qc7 21.Nhf1 Rf3
22.Qg5 Raf8 23.Ne4 Bxe4 24.Rxe4 Rxf2 25.Ne3 0-1

[Event "12th American Continental"]
[Site "Medellin COL"]
[Date "2017.06.10"]
[Round "1.84"]
[White "Brito, Luismar"]
[Black "Serrato, Rafael Antonio"]
[Result "1/2-1/2"]
[WhiteElo "2250"]
[BlackElo "1836"]
[EventDate "2017.06.10"]
[PlyCount "33"]

1.b3 c5 2.Bb2 Nc6 3.e3 Nf6 4.f4 d6 5.Nf3 g6 6.Be2 Bg7 7.O-O O-O 8.Qe1 Bg4 
9.h3 Bxf3 10.Bxf3 d5 11.d3 Qc7 12.Nd2 Rad8 13.a4 a6 14.Qh4 e5 15.Rae1 b5 
16.axb5 axb5 17.e4 1/2-1/2

[Event "12th American Continental"]
[Site "Medellin COL"]
[Date "2017.06.10"]
[Round "1.85"]
[White "Viveros Torres, Erica Johana"]
[Black "Garavito Galindo, Miguel Angel"]
[Result "0-1"]
[WhiteElo "1828"]
[BlackElo "2247"]
[EventDate "2017.06.10"]
[PlyCount "56"]

1.e4 e5 2.Nf3 Nc6 3.Bb5 a6 4.Ba4 Nf6 5.O-O b5 6.Bb3 Bc5 7.Nxe5 Nxe5 8.d4 
Bxd4 9.Qxd4 d6 10.c3 O-O 11.Bg5 c5 12.Qe3 Bb7 13.f3 h6 14.Bf4 Re8 15.Rd1 
Qc7 16.a4 Rad8 17.Qe2 d5 18.axb5 dxe4 19.Rxd8 Qxd8 20.Bxe5 exf3 21.Qd2 f2+
22.Kf1 Bxg2+ 23.Kxg2 Qa8+ 24.Bd5 Nxd5 25.Kxf2 Rxe5 26.Rxa6 Rf5+ 27.Kg1 Qe8
28.c4 Qe4 0-1

[Event "12th American Continental"]
[Site "Medellin COL"]
[Date "2017.06.10"]
[Round "1.86"]
[White "Solano Cuya, Bryan"]
[Black "Ramirez Gonzalez, Maria Jose"]
[Result "1-0"]
[WhiteElo "2246"]
[BlackElo "1824"]
[EventDate "2017.06.10"]
[PlyCount "43"]

1.d4 Nf6 2.c4 c5 3.d5 b5 4.Qc2 Bb7 5.e4 bxc4 6.Bxc4 e6 7.Nc3 exd5 8.exd5 
d6 9.Nge2 Be7 10.a4 O-O 11.a5 a6 12.O-O Nbd7 13.f4 Ne8 14.Ng3 Nc7 15.Qd3 
Nf6 16.b3 Re8 17.Bb2 Qd7 18.f5 Ng4 19.Nce4 Bf8 20.Nh5 Qe7 21.Rf4 Ne5 22.
Qg3 1-0

[Event "12th American Continental"]
[Site "Medellin COL"]
[Date "2017.06.10"]
[Round "1.87"]
[White "Florez Castro, Estiven"]
[Black "Cortes Orihuela, Javier"]
[Result "0-1"]
[WhiteElo "1820"]
[BlackElo "2235"]
[EventDate "2017.06.10"]
[PlyCount "61"]

1.d4 Nf6 2.c4 g6 3.Nc3 d5 4.cxd5 Nxd5 5.e4 Nxc3 6.bxc3 Bg7 7.Nf3 c5 8.Be2 
Nc6 9.d5 Bxc3+ 10.Bd2 Bxa1 11.Qxa1 Nd4 12.Nxd4 cxd4 13.Qxd4 f6 14.O-O Qb6 
15.Qd3 Bd7 16.Rb1 Qc7 17.Rc1 Qd6 18.Rb1 b5 19.Bb4 Qe5 20.f4 Qxf4 21.Rf1 
Qc7 22.d6 Qb6+ 23.Kh1 a5 24.Ba3 b4 25.Bb2 Qxd6 26.Qe3 e5 27.Rd1 Qe7 28.Qd3
Be6 29.Rc1 Rc8 30.Rf1 O-O 31.h3 0-1

[Event "12th American Continental"]
[Site "Medellin COL"]
[Date "2017.06.10"]
[Round "1.88"]
[White "Pazos Gambarrotti, Plinio"]
[Black "Gutierrez Hernandez, Jorge Alejandro"]
[Result "1-0"]
[WhiteElo "2232"]
[BlackElo "1817"]
[EventDate "2017.06.10"]
[PlyCount "46"]

1.d4 f5 2.e4 fxe4 3.Nc3 Nf6 4.Bg5 g6 5.Bc4 Bg7 6.Bb3 Nc6 7.a3 b6 8.f3 exf3
9.Nxf3 Ba6 10.Qd2 Na5 11.Ba2 Nc4 12.Qe2 Nxa3 13.Qxa6 Nxc2+ 14.Kd2 Nxa1 15.
Rxa1 Qc8 16.Qc4 Rf8 17.Re1 c6 18.Ne5 b5 19.Qc5 Qd8 20.Nxc6 dxc6 21.Qxc6+ 
Nd7 22.Bxe7 Rf2+ 23.Kd1 Qc8 1-0

[Event "12th American Continental"]
[Site "Medellin COL"]
[Date "2017.06.10"]
[Round "1.89"]
[White "Cox, Douglas"]
[Black "Rodriguez Rivera, Pedro"]
[Result "0-1"]
[WhiteElo "1795"]
[BlackElo "2228"]
[EventDate "2017.06.10"]
[PlyCount "30"]

1.Nf3 Nf6 2.c4 d6 3.d4 Nbd7 4.Nc3 e5 5.d5 a5 6.e4 Nc5 7.Nd2 g6 8.a4 Bh6 9.
Qc2 O-O 10.Be2 Nfd7 11.Nf1 Bxc1 12.Rxc1 Na6 13.h4 Ndc5 14.Bd1 Nb4 15.Qd2 
Ncd3+ 0-1

[Event "12th American Continental"]
[Site "Medellin COL"]
[Date "2017.06.10"]
[Round "1.90"]
[White "Markzon, Gregory"]
[Black "Patino Garcia, Corals"]
[Result "1/2-1/2"]
[WhiteElo "2222"]
[BlackElo "1967"]
[EventDate "2017.06.10"]
[PlyCount "22"]

1.d4 d5 2.c4 c6 3.Nc3 Nf6 4.e3 e6 5.Nf3 Nbd7 6.Qc2 Bd6 7.b3 O-O 8.Bd3 Re8 
9.Bb2 e5 10.Nxe5 Nxe5 11.dxe5 Bxe5 1/2-1/2

[Event "12th American Continental"]
[Site "Medellin COL"]
[Date "2017.06.10"]
[Round "1.91"]
[White "Velasquez Sandoval, Angie Gabriela"]
[Black "Herrera Betancourt, Juan Sebastian"]
[Result "0-1"]
[WhiteElo "1782"]
[BlackElo "2220"]
[EventDate "2017.06.10"]
[PlyCount "58"]

1.e4 g6 2.g3 Bg7 3.Bg2 d6 4.d3 Nc6 5.c3 e5 6.Na3 Be6 7.Nc2 Nge7 8.Nf3 h6 
9.O-O f5 10.Qe2 O-O 11.d4 fxe4 12.Qxe4 d5 13.Qe2 e4 14.Nd2 Qd7 15.f3 exf3 
16.Nxf3 Rae8 17.Be3 Bf5 18.Rae1 Be4 19.Nh4 Bxg2 20.Rxf8+ Rxf8 21.Nxg2 Nf5 
22.Bf2 Nd6 23.Qe6+ Qxe6 24.Rxe6 Ne4 25.Be3 Kf7 26.Nf4 g5 27.Rxe4 dxe4 28.
Ne2 Ne7 29.Kg2 Ke6 0-1

[Event "12th American Continental"]
[Site "Medellin COL"]
[Date "2017.06.10"]
[Round "1.92"]
[White "Blandon Villa, Diego"]
[Black "Rodriguez Cortes, Giovanni"]
[Result "1-0"]
[WhiteElo "2220"]
[BlackElo "1772"]
[EventDate "2017.06.10"]
[PlyCount "27"]

1.e4 c5 2.Nf3 Nf6 3.Nc3 d5 4.exd5 Nxd5 5.d4 Nxc3 6.bxc3 e6 7.Bd3 Nc6 8.O-O
Be7 9.Re1 Bf6 10.Rb1 cxd4 11.cxd4 Bxd4 12.Nxd4 Nxd4 13.Ba3 Bd7 14.Rxb7 1-0

[Event "12th American Continental"]
[Site "Medellin COL"]
[Date "2017.06.10"]
[Round "1.93"]
[White "Prado, Hamilton Mesquita do"]
[Black "Brizuela Abreu, Reivis Gabriel"]
[Result "0-1"]
[WhiteElo "1765"]
[BlackElo "2219"]
[EventDate "2017.06.10"]
[PlyCount "44"]

1.d4 e6 2.Bf4 Nf6 3.e3 b6 4.h3 Bb7 5.Nd2 Be7 6.Ngf3 O-O 7.c3 c5 8.Be2 cxd4
9.exd4 Nd5 10.Bg3 f5 11.c4 Nf6 12.Qc2 Ne4 13.Bxb8 Rxb8 14.a3 a5 15.g4 Nxd2
16.Qxd2 fxg4 17.Rg1 Bxf3 18.hxg4 Bh4 19.Bxf3 Rxf3 20.Rg2 Bxf2+ 21.Rxf2 Qh4
22.Rc1 Rbf8 0-1

[Event "12th American Continental"]
[Site "Medellin COL"]
[Date "2017.06.10"]
[Round "1.94"]
[White "Chinchilla Miranda, Eugenio"]
[Black "Serna Escobar, Gustavo Dario"]
[Result "1-0"]
[WhiteElo "2213"]
[BlackElo "1763"]
[EventDate "2017.06.10"]
[PlyCount "54"]

1.d4 d5 2.c4 c6 3.Nf3 e6 4.Nc3 Nf6 5.Bg5 Nbd7 6.cxd5 exd5 7.Qc2 Be7 8.e3 
a6 9.Bd3 h6 10.Bf4 Nf8 11.h3 Ne6 12.Bh2 Bd6 13.Ne5 Qe7 14.O-O O-O 15.Rad1 
Kh8 16.Rfe1 Nd7 17.e4 Nxd4 18.Qa4 Bxe5 19.Bxe5 Qxe5 20.exd5 Nf3+ 21.gxf3 
Qg5+ 22.Qg4 Qxg4+ 23.fxg4 cxd5 24.Nxd5 Nc5 25.Nb6 Rb8 26.Bc4 h5 27.Re5 Ne6
1-0

[Event "12th American Continental"]
[Site "Medellin COL"]
[Date "2017.06.10"]
[Round "1.95"]
[White "Meza Galvan, Luis"]
[Black "Castrillon Gomez, Melissa"]
[Result "0-1"]
[WhiteElo "1757"]
[BlackElo "2210"]
[EventDate "2017.06.10"]
[PlyCount "33"]

1.e4 c5 2.Nc3 Nc6 3.g3 g6 4.Bg2 Bg7 5.d3 d6 6.Be3 Rb8 7.Qd2 b5 8.Nge2 b4 
9.Nd1 Nd4 10.c3 bxc3 11.Ndxc3 Nxe2 12.Qxe2 Qa5 13.O-O Nf6 14.h3 O-O 15.Qd2
Ba6 16.f4 Nd7 17.Rac1 0-1

[Event "12th American Continental"]
[Site "Medellin COL"]
[Date "2017.06.10"]
[Round "1.97"]
[White "Diaz, Brian"]
[Black "Ruiz Aguilar, Pablo Alexander"]
[Result "0-1"]
[WhiteElo "1751"]
[BlackElo "2206"]
[EventDate "2017.06.10"]
[PlyCount "54"]

1.d4 d5 2.e3 Nf6 3.Bd3 c5 4.c3 Nc6 5.f4 Bg4 6.Nf3 e6 7.a3 Bd6 8.Nbd2 cxd4 
9.cxd4 O-O 10.O-O Rc8 11.Qe1 Bf5 12.Bxf5 exf5 13.Ne5 Ne7 14.Ndf3 Ne4 15.
Qd1 Qc7 16.Ne1 f6 17.N5d3 Rfe8 18.Nf2 Nc6 19.Nf3 Na5 20.Qd3 Qb6 21.Nd2 g6 
22.Ndxe4 dxe4 23.Qe2 Nb3 24.Rb1 Qc6 25.Qd1 Qc2 26.Re1 Qxd1 27.Rxd1 Rc2 0-1

[Event "12th American Continental"]
[Site "Medellin COL"]
[Date "2017.06.10"]
[Round "1.100"]
[White "Castaneda, Jhon David"]
[Black "Velasquez, Andres"]
[Result "1-0"]
[WhiteElo "2195"]
[BlackElo "1731"]
[EventDate "2017.06.10"]
[PlyCount "50"]

1.d4 Nf6 2.Nf3 g6 3.c4 Bg7 4.Nc3 d6 5.e4 O-O 6.Be2 e5 7.O-O Nc6 8.Be3 exd4
9.Nxd4 Qe8 10.f3 Nh5 11.Nxc6 bxc6 12.g4 Nf6 13.Qd2 Bb7 14.Rad1 Qe7 15.Rfe1
Nd7 16.Bf1 Ne5 17.Kf2 Bf6 18.Bf4 Bh4+ 19.Bg3 Ba6 20.b3 Bxg3+ 21.Kxg3 Qf6 
22.f4 Nxg4 23.e5 Qf5 24.Bd3 Qd7 25.Ne4 f5 1-0

[Event "12th American Continental"]
[Site "Medellin COL"]
[Date "2017.06.10"]
[Round "1.101"]
[White "Pena, Alcides"]
[Black "Lora Jaramillo, Joel Fernando"]
[Result "0-1"]
[WhiteElo "1728"]
[BlackElo "2193"]
[EventDate "2017.06.10"]
[PlyCount "25"]

1.d4 Nf6 2.Bf4 b6 3.e3 Bb7 4.Nf3 e6 5.Bd3 d5 6.O-O Bd6 7.Ne5 O-O 8.Nd2 Ba6
9.c4 c5 10.Rc1 h6 11.Qf3 Bb7 12.Qh3 Nc6 13.Rfe1 0-1

[Event "12th American Continental"]
[Site "Medellin COL"]
[Date "2017.06.10"]
[Round "1.104"]
[White "Franco Valencia, Beatriz Irene"]
[Black "Cardoso Cardoso, Jaidy Marcela"]
[Result "1-0"]
[WhiteElo "2173"]
[BlackElo "1711"]
[EventDate "2017.06.10"]
[PlyCount "61"]

1.d4 Nf6 2.c4 e6 3.Nf3 b6 4.a3 Bb7 5.e3 d5 6.b3 Nbd7 7.Bd3 Be7 8.Bb2 h6 9.
Qe2 dxc4 10.bxc4 Ne4 11.O-O O-O 12.Rd1 Qc8 13.Nbd2 f5 14.Nf1 g5 15.d5 exd5
16.cxd5 Ndf6 17.Bc4 Nd6 18.Bb3 Kh7 19.Rac1 Nd7 20.Nd4 Nc5 21.Ba2 Qd7 22.
Ng3 Rac8 23.Rxc5 bxc5 24.Ne6 Qb5 25.Qc2 c4 26.e4 Kg8 27.e5 Rf7 28.exd6 
cxd6 29.Nxf5 Rxf5 30.Qxf5 Qxb2 31.Bb1 1-0

[Event "12th American Continental"]
[Site "Medellin COL"]
[Date "2017.06.10"]
[Round "1.105"]
[White "Moreno Rios, Mateo"]
[Black "Leon, Orlando"]
[Result "0-1"]
[WhiteElo "1669"]
[BlackElo "2167"]
[EventDate "2017.06.10"]
[PlyCount "64"]

1.e4 c5 2.Ne2 Nc6 3.Nbc3 g6 4.g3 Bg7 5.Bg2 e6 6.d3 Nge7 7.O-O O-O 8.f4 d6 
9.Qd2 Rb8 10.Nd1 b5 11.Ne3 b4 12.g4 f5 13.exf5 gxf5 14.gxf5 exf5 15.Rf3 
Be6 16.Rg3 Kh8 17.Rxg7 Kxg7 18.d4 Na5 19.d5 Bf7 20.b3 Bg6 21.Bb2+ Kf7 22.
a3 Qb6 23.axb4 cxb4 24.Nd4 Rfc8 25.Kh1 Nb7 26.Qe2 Nc5 27.Nexf5 Nxf5 28.
Nxf5 Bxf5 29.Qh5+ Bg6 30.Qg5 Ne4 31.Rf1 Nxg5 32.fxg5+ Kg8 0-1

[Event "12th American Continental"]
[Site "Medellin COL"]
[Date "2017.06.10"]
[Round "1.106"]
[White "Restrepo Loaiza, Luis Fernando"]
[Black "Ramos Arboleda, Dellys Carolina"]
[Result "1-0"]
[WhiteElo "2167"]
[BlackElo "1664"]
[EventDate "2017.06.10"]
[PlyCount "85"]

1.e4 c5 2.Nf3 d6 3.Bb5+ Bd7 4.Bxd7+ Qxd7 5.O-O Nc6 6.Re1 g6 7.c3 Bg7 8.d4 
cxd4 9.cxd4 Nf6 10.d5 Ne5 11.Nxe5 dxe5 12.Bg5 O-O 13.Nc3 Rac8 14.Qb3 a6 
15.a4 Rc7 16.a5 Rfc8 17.Ra4 Qd6 18.Rb4 Nd7 19.Be3 Nc5 20.Bxc5 Qxc5 21.Rxb7
Qxa5 22.Rd1 Bf8 23.g3 Rxb7 24.Qxb7 Rc7 25.Qb8 Qc5 26.Ra1 a5 27.Ra3 Kg7 28.
Rb3 e6 29.Rb5 Qa7 30.Qxa7 Rxa7 31.dxe6 fxe6 32.Rxe5 Kf6 33.Rb5 Bb4 34.Na2 
Bd2 35.Kf1 Rd7 36.h4 e5 37.Ke2 Bh6 38.Nc3 Rd2+ 39.Kf3 Rd3+ 40.Kg4 Bd2 41.
Nd5+ Kg7 42.Rb7+ Kh8 43.Nf6 1-0

[Event "12th American Continental"]
[Site "Medellin COL"]
[Date "2017.06.10"]
[Round "1.107"]
[White "Leon Acevedo, Juan Alejandro"]
[Black "Chumpitaz Carbajal, Ann"]
[Result "0-1"]
[WhiteElo "1659"]
[BlackElo "2163"]
[EventDate "2017.06.10"]
[PlyCount "90"]

1.c4 g6 2.Nc3 Bg7 3.g3 Nf6 4.Bg2 d6 5.Nf3 O-O 6.O-O Nc6 7.d4 Bf5 8.a3 Ne4 
9.Re1 Nxc3 10.bxc3 Be4 11.Be3 Na5 12.Nd2 Bxg2 13.Kxg2 Qd7 14.Qc2 Nxc4 15.
Nxc4 Qc6+ 16.Kg1 Qxc4 17.Qd2 b6 18.Rec1 c5 19.h4 h5 20.Kh2 Rac8 21.Kg2 Rc7
22.Rh1 cxd4 23.cxd4 Qc2 24.Qxc2 Rxc2 25.Rhe1 Rfc8 26.Kf1 d5 27.f3 R8c3 28.
Bf2 e6 29.g4 Bf8 30.a4 Rb2 31.g5 Rcc2 32.Rac1 Bb4 33.Rxc2 Rxc2 34.Rb1 Ba5 
35.Ra1 Rc4 36.e3 Rc2 37.Bg3 Kf8 38.Be5 Ke8 39.e4 Kd7 40.exd5 exd5 41.Bf6 
Bc3 42.Ra3 Bb4 43.Ra1 Rh2 44.Rd1 Rh1+ 45.Ke2 Rxh4 0-1

[Event "12th American Continental"]
[Site "Medellin COL"]
[Date "2017.06.10"]
[Round "1.108"]
[White "Castaneda Arregoces, Jorge Luis"]
[Black "Lopez Gonzalez, Carlos Andres"]
[Result "1-0"]
[WhiteElo "2155"]
[BlackElo "1653"]
[EventDate "2017.06.10"]
[PlyCount "69"]

1.d4 Nf6 2.Bf4 e6 3.e3 c5 4.Nd2 b6 5.Ngf3 Be7 6.h3 O-O 7.c3 Ba6 8.Bxa6 
Nxa6 9.a4 d5 10.Qe2 Qc8 11.O-O Nb8 12.a5 Nbd7 13.axb6 axb6 14.Qb5 Qb7 15.
Ne5 Nxe5 16.Bxe5 Nd7 17.Bg3 c4 18.e4 Rfc8 19.Rfe1 Kf8 20.exd5 exd5 21.Nf1 
Nf6 22.Ne3 Rxa1 23.Rxa1 Bd8 24.Bd6+ Kg8 25.Be5 Qd7 26.Qxd7 Nxd7 27.Nxd5 
Nxe5 28.dxe5 h6 29.Ra7 Kf8 30.f4 Rc5 31.Ne3 Rc8 32.Kf2 Ke8 33.Nf5 Rc6 34.
Nd6+ Kf8 35.Rxf7+ 1-0

[Event "12th American Continental"]
[Site "Medellin COL"]
[Date "2017.06.10"]
[Round "1.111"]
[White "Sarmiento Mojica, Carolina"]
[Black "Oussedik, Elias"]
[Result "0-1"]
[WhiteElo "1618"]
[BlackElo "2155"]
[EventDate "2017.06.10"]
[PlyCount "97"]

1.e4 e6 2.d4 d5 3.Nc3 Nf6 4.Bg5 Be7 5.e5 Nfd7 6.Bxe7 Qxe7 7.f4 a6 8.Nf3 
Nb6 9.b3 c5 10.Qd2 Nc6 11.Ne2 Bd7 12.c3 Rc8 13.Rc1 O-O 14.Ng3 cxd4 15.cxd4
Nb4 16.Rxc8 Rxc8 17.Bd3 Nxd3+ 18.Qxd3 Qb4+ 19.Kf2 Bb5 20.Qb1 Qa3 21.f5 Rc3
22.Rd1 Nd7 23.fxe6 fxe6 24.Ng5 Nf8 25.Ne2 Bxe2 26.Kxe2 h6 27.Nf3 Qa5 28.
Rd2 Qb5+ 29.Rd3 Ng6 30.g3 Rc7 31.Ke3 Ne7 32.Rd2 Rc3+ 33.Rd3 Rc8 34.Rd2 Qc6
35.Qd3 Qc1 36.Kf2 Nf5 37.Qf1 Qc3 38.Qe2 Rc7 39.Rd3 Qb4 40.Rd2 Rc3 41.Rd3 
Rc6 42.Rd2 Qb6 43.Qd3 Qc7 44.Qe2 Rc3 45.Rd3 Rc2 46.Rd2 Rc6 47.Kg2 Rc1 48.
Qe3 Rc2 49.Qe2 0-1

[Event "12th American Continental"]
[Site "Medellin COL"]
[Date "2017.06.10"]
[Round "1.112"]
[White "Sanchez Castillo, Sarai"]
[Black "Correa, Daniel"]
[Result "1-0"]
[WhiteElo "2154"]
[BlackElo "1595"]
[EventDate "2017.06.10"]
[PlyCount "47"]

1.e4 c5 2.Nf3 d6 3.Nc3 g6 4.d4 cxd4 5.Qxd4 Nf6 6.e5 dxe5 7.Qxd8+ Kxd8 8.
Nxe5 Be6 9.Be3 Nbd7 10.O-O-O a6 11.Be2 Ke8 12.Nxd7 Nxd7 13.Bf3 Bg7 14.Bxb7
Rb8 15.Bxa6 Bxc3 16.bxc3 Bxa2 17.c4 Nb6 18.Bb5+ Kf8 19.Bxb6 Rxb6 20.Rd8+ 
Kg7 21.Rxh8 Kxh8 22.Kd2 Rf6 23.f3 Rd6+ 24.Kc3 1-0

[Event "12th American Continental"]
[Site "Medellin COL"]
[Date "2017.06.10"]
[Round "1.114"]
[White "Garcia Alarcon, Alvaro"]
[Black "Gomez Vasquez, Laura Sofia"]
[Result "1-0"]
[WhiteElo "2152"]
[BlackElo "1504"]
[EventDate "2017.06.10"]
[PlyCount "37"]

1.d4 d5 2.c4 e6 3.Nc3 Nf6 4.Bg5 Be7 5.e3 c6 6.Nf3 Nbd7 7.Qc2 O-O 8.Bd3 
dxc4 9.Bxc4 Nd5 10.h4 Nb4 11.Qd2 b5 12.Bb3 h6 13.Bxe7 Qxe7 14.a3 Nd5 15.
Nxd5 cxd5 16.Rc1 Bb7 17.Bc2 a5 18.Qd3 f5 19.g4 1-0

[Event "12th American Continental"]
[Site "Medellin COL"]
[Date "2017.06.10"]
[Round "1.115"]
[White "Norena Marin, Jeronimo"]
[Black "Montenegro Mancera, Juan Rolando"]
[Result "0-1"]
[WhiteElo "1439"]
[BlackElo "2146"]
[EventDate "2017.06.10"]
[PlyCount "34"]

1.e4 e6 2.Nf3 d5 3.exd5 exd5 4.Be2 Nc6 5.O-O Bd6 6.Nc3 Nge7 7.b3 Bf5 8.g3 
Qd7 9.Bb2 f6 10.Re1 O-O-O 11.d4 g5 12.Nd2 Nxd4 13.Nxd5 Nxe2+ 14.Qxe2 Nxd5 
15.c4 Nf4 16.Qe3 Qc6 17.f3 Bc5 0-1

[Event "12th American Continental"]
[Site "Medellin COL"]
[Date "2017.06.11"]
[Round "2.12"]
[White "Ortiz Suarez, Isan Reynaldo"]
[Black "Blandon Villa, Luis Guillermo"]
[Result "1/2-1/2"]
[WhiteElo "2570"]
[BlackElo "2269"]
[EventDate "2017.06.10"]
[PlyCount "163"]

1.Nf3 Nf6 2.g3 g6 3.Bg2 Bg7 4.O-O O-O 5.d4 d6 6.c4 Nbd7 7.Nc3 e5 8.e4 c6 
9.b3 Qb6 10.dxe5 dxe5 11.Qc2 Re8 12.Na4 Qc7 13.Rd1 Bf8 14.Bb2 Nc5 15.Nxc5 
Bxc5 16.h3 Nh5 17.Kh2 f6 18.Ne1 Be6 19.Nd3 Bf8 20.g4 Nf4 21.Nxf4 exf4 22.
Bf3 Bg7 23.Rd2 Rad8 24.Rad1 Rxd2 25.Rxd2 Rd8 26.Bc3 Rxd2 27.Qxd2 Kf7 28.
Kg2 c5 29.Qb2 g5 30.Qc2 h6 31.a4 Qd7 32.Be2 h5 33.f3 Qd6 34.Bd3 hxg4 35.
hxg4 Bd7 36.Qe2 Bc6 37.Bc2 Qe6 38.Qd1 Bf8 39.Qh1 Bg7 40.Qh7 Kf8 41.a5 b6 
42.axb6 axb6 43.Kf2 Be8 44.Qh1 Bc6 45.Qa1 Qe7 46.Bd3 Kf7 47.Qb2 Qd8 48.Qe2
Qh8 49.Kg2 Qa8 50.Bc2 Qd8 51.Qe1 Qd7 52.Qa1 Qb7 53.Qh1 Kg8 54.Kf2 Kf8 55.
Qh7 Qe7 56.e5 fxe5 57.Qf5+ Kg8 58.Qc8+ Qe8 59.Qc7 Qa8 60.Bxe5 Bxe5 61.Qxe5
Qd8 62.Qe6+ Kf8 63.Qh6+ Kf7 64.Bg6+ Ke6 65.Be4+ Ke5 66.Qg7+ Kd6 67.Qg6+ 
Ke5 68.Qf5+ Kd6 69.Qg6+ Ke5 70.Qg7+ Kd6 71.Qg6+ Ke5 72.Ke2 Bxe4 73.Qxe4+ 
Kf6 74.Qf5+ Kg7 75.Qe5+ Qf6 76.Qd5 Qb2+ 77.Kf1 Qb1+ 78.Kg2 Qc2+ 79.Kf1 
Qc1+ 80.Kg2 Qc2+ 81.Kh3 Qh7+ 82.Kg2 1/2-1/2

[Event "12th American Continental"]
[Site "Medellin COL"]
[Date "2017.06.11"]
[Round "2.24"]
[White "Garcia Pantoja, Roberto"]
[Black "Blandon Villa, Diego"]
[Result "1/2-1/2"]
[WhiteElo "2500"]
[BlackElo "2220"]
[EventDate "2017.06.10"]
[PlyCount "57"]

1.e4 c5 2.Nf3 d6 3.d4 cxd4 4.Nxd4 Nf6 5.Nc3 g6 6.Be3 Bg7 7.f3 O-O 8.Qd2 
Nc6 9.O-O-O d5 10.Nxc6 bxc6 11.Bh6 Qc7 12.Bxg7 Kxg7 13.exd5 cxd5 14.Nxd5 
Nxd5 15.Qxd5 Be6 16.Qd4+ Kg8 17.Qa4 a5 18.Bd3 Rab8 19.Qa3 Rb4 20.c3 Rc8 
21.Kb1 Qxc3 22.Qxc3 Rxc3 23.Be4 Re3 24.Rd2 f5 25.Bc2 Kf7 26.Rhd1 h5 27.Rd3
Re2 28.R3d2 Re3 29.Rd3 1/2-1/2

[Event "12th American Continental"]
[Site "Medellin COL"]
[Date "2017.06.11"]
[Round "2.25"]
[White "Ruiz Aguilar, Pablo Alexander"]
[Black "Rios Gomez, Cristhian Camilo"]
[Result "1/2-1/2"]
[WhiteElo "2206"]
[BlackElo "2499"]
[EventDate "2017.06.10"]
[PlyCount "73"]

1.e4 c5 2.Nf3 d6 3.d4 cxd4 4.Nxd4 Nf6 5.Nc3 Nc6 6.Be2 g6 7.Be3 Bg7 8.Qd2 
Bd7 9.O-O-O O-O 10.Kb1 Rc8 11.h4 h5 12.f3 Ne5 13.Bh6 Bxh6 14.Qxh6 Rxc3 15.
bxc3 Qb6+ 16.Ka1 Rc8 17.Rb1 Qc5 18.Qd2 b6 19.Rb3 d5 20.exd5 Nxd5 21.f4 Nc6
22.Bb5 Nxd4 23.cxd4 Qd6 24.Bxd7 Qxd7 25.Re1 Rc4 26.Re5 Qc6 27.Kb2 e6 28.g4
hxg4 29.h5 f6 30.Re1 gxh5 31.f5 exf5 32.Qh6 Rxc2+ 33.Kb1 Rf2 34.Qg6+ Kf8 
35.Qh6+ Kg8 36.Qg6+ Kf8 37.Qg7+ 1/2-1/2

[Event "12th American Continental"]
[Site "Medellin COL"]
[Date "2017.06.11"]
[Round "2.26"]
[White "Gonzalez Acosta, Bernal Manuel"]
[Black "Chinchilla Miranda, Eugenio"]
[Result "1/2-1/2"]
[WhiteElo "2494"]
[BlackElo "2213"]
[EventDate "2017.06.10"]
[PlyCount "120"]

1.d4 Nf6 2.Nf3 g6 3.Bf4 Bg7 4.e3 O-O 5.Be2 d6 6.h3 c5 7.O-O Nc6 8.c3 cxd4 
9.exd4 Nd5 10.Bh2 Bh6 11.Re1 Qb6 12.Qb3 Nf4 13.Qxb6 axb6 14.Bf1 Be6 15.Na3
Bd5 16.Nc4 Nxh3+ 17.gxh3 Bxf3 18.Nxb6 Ra5 19.d5 Ne5 20.Bxe5 dxe5 21.Rxe5 
Re8 22.Bg2 Bxg2 23.Kxg2 Rb5 24.Nc4 Bg7 25.Ree1 Rc8 26.d6 e6 27.d7 Rd8 28.
Rad1 Kf8 29.Rd3 Ke7 30.Red1 Bh6 31.b4 Bf4 32.a4 Rg5+ 33.Kf1 Bc7 34.a5 h5 
35.Nd6 Bxd6 36.Rxd6 Rb5 37.R1d3 g5 38.f3 h4 39.Ke2 f5 40.Kd2 Kf6 41.Kc2 
Ke5 42.a6 bxa6 43.Rxa6 Rd5 44.Ra7 Rxd3 45.Kxd3 Kf4 46.Ke2 g4 47.fxg4 fxg4 
48.hxg4 h3 49.Kf2 e5 50.b5 e4 51.b6 e3+ 52.Ke2 h2 53.Ra4+ Kg3 54.Ra1 Rxd7 
55.Kxe3 Rb7 56.g5 Rxb6 57.Ke4 Rc6 58.Rc1 Kg4 59.Kd4 Kxg5 60.Rh1 Rh6 
1/2-1/2

[Event "12th American Continental"]
[Site "Medellin COL"]
[Date "2017.06.11"]
[Round "2.36"]
[White "Leiva Rodriguez, Giuseppe"]
[Black "Franco Valencia, Beatriz Irene"]
[Result "1/2-1/2"]
[WhiteElo "2449"]
[BlackElo "2173"]
[EventDate "2017.06.10"]
[PlyCount "101"]

1.d4 d6 2.Nf3 g6 3.g3 Bg7 4.Bg2 Nd7 5.c4 e5 6.Nc3 Ne7 7.O-O O-O 8.h3 a6 9.
Re1 Rb8 10.e4 exd4 11.Nxd4 Ne5 12.Bf1 c5 13.Nc2 Be6 14.Ne3 N5c6 15.Ned5 
Nd4 16.Bg5 f6 17.Be3 Nec6 18.f4 f5 19.Bg2 b5 20.exf5 Bxf5 21.cxb5 axb5 22.
Ne4 Kh8 23.Bf2 Qd7 24.Kh2 h6 25.Ne3 Be6 26.Nc2 Rbc8 27.Nxd4 Nxd4 28.Qd2 
Kh7 29.g4 Bg8 30.Ng3 Rce8 31.Rxe8 Rxe8 32.Qd3 Bc4 33.Qd1 Qf7 34.f5 gxf5 
35.Bxd4 Bxd4 36.Nxf5 Bxb2 37.Rb1 Re2 38.Rxb2 Rxb2 39.Qxd6 Rxg2+ 40.Kxg2 
Qd5+ 41.Kg3 Qxd6+ 42.Nxd6 Bxa2 43.Nxb5 Kg6 44.Kf4 Bc4 45.Nc3 Be6 46.Ne4 c4
47.h4 Bd7 48.h5+ Kg7 49.g5 Be8 50.gxh6+ Kxh6 51.Ke5 1/2-1/2

[Event "12th American Continental"]
[Site "Medellin COL"]
[Date "2017.06.11"]
[Round "2.57"]
[White "Henao, Bernardo Andres"]
[Black "Thavandiran, Shiyam"]
[Result "1/2-1/2"]
[WhiteElo "2059"]
[BlackElo "2363"]
[EventDate "2017.06.10"]
[PlyCount "95"]

1.d4 Nf6 2.c4 e6 3.Nf3 Bb4+ 4.Bd2 c5 5.Bxb4 cxb4 6.Nbd2 O-O 7.e4 d6 8.Bd3 
Nbd7 9.O-O e5 10.Re1 Re8 11.Nf1 exd4 12.Ng3 Nc5 13.Nxd4 g6 14.f3 Qb6 15.
Kh1 h5 16.Bf1 Ne6 17.Nge2 Qc5 18.Rc1 Bd7 19.Qd2 Rad8 20.Red1 Ba4 21.b3 Bc6
22.Nf4 Nxf4 23.Qxf4 Nh7 24.Rd2 Qe5 25.Qh6 Nf6 26.Rcd1 a5 27.Nb5 Re6 28.Nd4
Ree8 29.Nb5 Re6 30.Nd4 Re7 31.Nb5 Bxb5 32.cxb5 d5 33.Bc4 Red7 34.exd5 Qd6 
35.Re2 Re8 36.Rde1 Rde7 37.Rxe7 Rxe7 38.Qd2 Re5 39.Rxe5 Qxe5 40.g3 Ne8 41.
Kg2 Nd6 42.Qc2 Qf6 43.f4 Qd4 44.Kf3 Qg1 45.Bd3 Qd4 46.Bc4 Qg1 47.Bd3 Qd4 
48.Bc4 1/2-1/2